00361nam a2200157Ia 4500008004100000020001800041041000800059082001500067100001300082245002300095250001200118260001900130300002500149365001600174700001300190230714s9999 xx 000 0 und d a9790000000000 aeng a621.8bBEV aBevan T. aTheory Of Machines a3rd ed. bCBS Publishers a621dRef 4 M (28726) cRs.b220.00 aBevan T.